| 000 | 01689nam a2200337Ia 4500 | ||
|---|---|---|---|
| 999 |
_c55798 _d55798 |
||
| 001 | 22895 | ||
| 003 | GE_BSU | ||
| 005 | 20230531173732.0 | ||
| 008 | 181216s ||||ge |||||||||||||| ||geo|| | ||
| 040 | _cGE_BSU | ||
| 041 | _ageo | ||
| 080 | _a821.353.1-32+94(479.22)+27-36(479.22) ი-70 | ||
| 100 |
_aბატონიშვილი ,იოანე _918377 |
||
| 245 |
_aხუმარსწავლა კალმასობა : _b4 წიგნად. წ. 2 / _cიოანე ბატონიშვილი ; [სარედ. კოლ.: ა. ბარამიძე, ე. მეტრეველი, ს. ცაიშვილი ; ტექსტი გამოსაც. მოამზადეს ც. კახაბრიშვილმა და ც. კიკვიძემ]. |
||
| 264 |
_aთბილისი : _bმერანი, _c1991. |
||
| 300 |
_a572 გვ. ; _c20 სმ. |
||
| 504 | _aბიბლიოგრ. გვ. : 565-573 | ||
| 541 | _h26ლ. | ||
| 653 | _aლიტერატურა | ||
| 653 | _aისტორია | ||
| 653 | _aრელიგია | ||
| 653 | _aმოგზაურობა საქართველოში | ||
| 653 | _aმოგზაურობა რუსეთში | ||
| 653 | _aსაქართველოს ისტორია | ||
| 653 | _aქართველი წმინდანები | ||
| 653 | _aხუმარსწავლა | ||
| 653 | _aკალმასობა | ||
| 653 | _a4 წიგნად. წ. 2 | ||
| 710 |
_aსაქ. სსრ მეცნ. აკად. _bქართ ლიტ. ინ-ტი _918372 |
||
| 942 |
_cBK _2udc |
||